| 000 | 01587nam a22002177a 4500 | ||
|---|---|---|---|
| 005 | 20250711122924.0 | ||
| 008 | 250711e20250704xxk|||||o|||| 00| 0 eng d | ||
| 041 | _aeng | ||
| 110 | _aRoyal Institution of Chartered Surveyors | ||
| 245 |
_aUK Residential Market Survey _bJune 2025 _h[Electronic resource] |
||
| 260 |
_aLondon, _bRoyal Institution of Chartered Surveyors, _cJuly 2025 |
||
| 300 | _a16p | ||
| 490 | _aRICS UK Residential Market Survey | ||
| 520 | _aUK Residential Market Survey for June 2025. The latest findings suggest signs of stabilisation in the sales market, although challenges persist for both buyers and sellers. For the first time since December 2024, buyer demand has moved out of negative territory, with the net balance for new buyer enquiries rising to +3% in June. This marks a noticeable improvement from the -22% reported in May, although the figure still indicates a period of stabilisation rather than a strong recovery. The national net balance for agreed sales improved significantly from previous months, falling to -3%, a marked improvement from the -25% and -28% reported in earlier surveys. Despite this positive trend, sales momentum is expected to remain subdued in the near term. | ||
| 650 | _aHOUSING MARKET | ||
| 650 | _aRESIDENTIAL PROPERTY | ||
| 651 | _aUnited Kingdom | ||
| 710 | _aRoyal Institution of Chartered Surveyors | ||
| 856 |
_uhttps://www.rics.org/content/dam/ricsglobal/documents/market-surveys/uk-residential-market-survey/WEB-June-2025-RICS-UK-Residential-Market-Survey-tp.pdf _zAvailable on RICS.org |
||
| 942 | _n0 | ||
| 999 |
_c122199 _d122199 |
||